000 00215nam a22000857a 4500
999 _c11695
_d11695
008 191213b ||||| |||| 00| 0 eng d
100 _aGaur Lal
_97394
245 _aKahani Parain-3
260 _aNew Delhi
_bArya Books
_c2008